El proyecto de ley sobre reforma del gobierno y administración civil en Cuba y Puerto-Rico : (Record no. 152194)

MARC details
000 -LEADER
campo de control de longitud fija 00905nam a2200193 i 4500
001 - NÚMERO DE CONTROL
campo de control 152194
003 - IDENTIFICADOR DE NÚMERO DE CONTROL
campo de control ES-MaACL
005 - FECHA Y HORA DE LA ÚLTIMA TRANSACCIÓN
campo de control 20230906204555.0
008 - DATOS DE LONGITUD FIJA--INFORMACIÓN GENERAL
campo de control de longitud fija 931025s1893 pr |||| | spa d
100 1# - ENTRADA PRINCIPAL--NOMBRE DE PERSONA
Nombre de persona Blanco, Julian E.
9 (RLIN) 29191
245 13 - MENCIÓN DEL TÍTULO
Título El proyecto de ley sobre reforma del gobierno y administración civil en Cuba y Puerto-Rico :
Resto del título carta del director político, presidente de la delegación del Partido Autonomista Puerto-riqueño, al leader del mismo partido en la metrópoli.
260 ## - PUBLICACIÓN, DISTRIBUCIÓN, ETC.
Lugar de publicación, distribución, etc. Puerto Rico :
Nombre del editor, distribuidor, etc. [s.n.],
Fecha de publicación, distribución, etc. 1893 (
Fabricante A. Córdova)
300 ## - DESCRIPCIÓN FÍSICA
Extensión 21 p. ;
Dimensiones 23 cm.
530 ## - NOTA DISPONIBLE DE FORMULARIO FÍSICO ADICIONAL
Nota de formato físico adicional disponible Disponible en formato digital.
651 #4 - PUNTO DE ACCESO ADICIONAL DE MATERIA--NOMBRE GEOGRÁFICO
Nombre geográfico Cuba-
Subdivisión general Administración.
9 (RLIN) 148085
651 #4 - PUNTO DE ACCESO ADICIONAL DE MATERIA--NOMBRE GEOGRÁFICO
Nombre geográfico Puerto Rico-
Subdivisión general Administración.
9 (RLIN) 157188
852 ## - LOCALIZACIÓN
Ubicación ES-MaACL
Número de control de estantería T-695-F-5
Nota libre -- Enc. hol.
-- -- Enc. en un vol. facticio
856 ## - LOCALIZACIÓN Y ACCESO ELECTRÓNICOS
Identificador Uniforme de Recursos <a href="http://bdh-rd.bne.es/viewer.vm?id=0000114884&page=1 ">http://bdh-rd.bne.es/viewer.vm?id=0000114884&page=1 </a>
Nota pública Biblioteca Digital Hispánica
Holdings
Estatus retirado Estado de pérdida Estado de daño No para préstamo Colección Biblioteca de origen Biblioteca actual Ubicación en estantería Fecha de adquisición Total de préstamos Signatura topográfica completa Código de barras Visto por última vez Precio de reemplazo Tipo de ítem Koha
        Colección de folletos Biblioteca del Ateneo de Madrid Biblioteca del Ateneo de Madrid Depósito folletos 17/01/2008   T-695-F-5 1158889 23/02/2023 23/02/2023 Folleto